00708 2200205 4500001002100000005001700021008004100038035002400079040001200103082001100115090002000126100001800146245012900164260008000293300003400373500003200407504002800439650001700467990001800484YOGYA-0113000000037620130108081709.0 ind  0010-011300000000376 aYOPDYOG a297.74 aSK 297.74 Sit D aSITI MAEMUNAH aDakwah Islamiyah Takmir Masjid AL-IKHSAN di Kelurahan Suryadiningsih Kecamatan Mantrijem Kodya Yohyakarta/oleh SITI MAEMUNAH aYogyakartabFakultas Dakwah Institut Agama Islam Negri Sunan Kalijagac1997 aX,76,(17)lbrbilus,lampc29cm aSkripsi LAIN Sunan Kalijaga aBibliografi (lbr,79-80) aDakwah Islam a42502-PD/A.12